000 00655nam a2200205Ia 4500
001 1142
003 GE_BSU
008 181216s||||||||xx |||||||||||||| ||und||
040 _cGE_BSU
080 _a631.4(075.)
100 _aსაბაშვილი, მ.
245 _aნიადაგთმცოდნეობა.
245 _bსახელმძღვანელო სტუდეტებისათვის
260 _aთბილისი
260 _bთბილისის უნ–ტი
300 _a1970 გვ.25 სმ.
541 _h15 ლ.
653 _aნიადაგმცოდნეობა
942 _cBK
999 _c35292
_d35292